[Event "Match"]
[Site "www.echecsemail.com"]
[Date "2016.10.27"]
[Round "1"]
[White "Jwc"]
[Black "Chapi"]
[WhiteElo "1499"]
[BlackElo "2130"]
[Result "0-1"]
[Round "1"]
1.c4 g6
2.d4 Bf8g7
3.e3 Ng8f6
4.Ng1f3 O-O
5.Bf1d3 b6
6.O-O Bc8b7
7.Nb1c3 Nb8c6
8.a3 a5
9.d5 Nc6a7
10.Nf3e5 d6
11.Ne5c6 Na7xc6
12.dxc6 Bb7xc6
13.b4 axb4
14.Nc3b5 Nf6e4
15.f3 Bg7xa1
16.fxe4 Bc6xb5
17.cxb5 bxa3
18.Bd3c4 Ba1b2
19.Bc4xf7 Rf8xf7
20.Qd1d5 Qd8f8
21.Bc1xb2 axb2
22.Qd5b3 Ra8a1
{ resign }
0-1

[Event "Match"]
[Site "www.echecsemail.com"]
[Date "2016.10.27"]
[Round "1"]
[White "Ericleo1980"]
[Black "Sonny1000"]
[WhiteElo "2190"]
[BlackElo "1410"]
[Result "1-0"]
[Round "1"]
1.e4 e5
2.Ng1f3 Nb8c6
3.Bf1b5 Nc6d4
4.Nf3xd4 exd4
5.d3 Bf8b4
6.Bc1d2 Bb4xd2
7.Nb1xd2 c6
8.Bb5c4 b5
9.Bc4b3 Qd8a5
10.Qd1g4 d6
11.Qg4xg7 Ng8e7
12.Bb3xf7 Kd7
13.Qg7xh8 Qa5d8
14.Qh8xd4 Qd8f8
15.Bf7h5 Qf8h6
16.Bh5g4 Kd8
17.Bg4xc8 Kxc8
18.a4 Qh6f4
19.axb5 Qf4e5
20.Nd2f3 Qe5xb5
21.Ra1xa7 Ra8xa7
22.Qd4xa7 Qb5b4
23.Nf3d2 Qb4xb2
24.O-O Qb2xc2
25.Nd2c4 Qc2xd3
26.Nc4b6 { resign }
1-0

[Event "Match"]
[Site "www.echecsemail.com"]
[Date "2016.10.27"]
[Round "1"]
[White "Steel"]
[Black "Micheles"]
[WhiteElo "1809"]
[BlackElo "2560"]
[Result "0-1"]
[Round "1"]
1.e4 c6
2.d4 d5
3.Nb1c3 dxe4
4.Nc3xe4 Bc8f5
5.Ne4g3 Bf5g6
6.Ng1f3 Nb8d7
7.Bf1d3 Bg6xd3
8.Qd1xd3 Ng8f6
9.Bc1f4 Nf6d5
10.Bf4d2 e6
11.O-O Bf8d6
12.Rf1e1 O-O
13.Ng3e4 Bd6e7
14.c4 Nd5f6
15.Ra1d1 Qd8c7
16.b4 Nf6xe4
17.Qd3xe4 h6
18.a4 Rf8d8
19.h3 Ra8c8
20.Rd1c1 Nd7f6
21.Qe4e2 b6
22.d5 cxd5
23.cxd5 Qc7d7
24.dxe6 fxe6
25.Rc1xc8 Qd7xc8
26.Qe2xe6 Qc8xe6
27.Re1xe6 Be7d6
28.b5 Kf7
29.Re6e1 Rd8e8
30.Re1xe8 Kxe8
31.Kf1 Nf6e4
32.Ke2 Kf7
33.Ke3 Ne4c5
34.a5 bxa5
35.Bd2xa5 Ke6
36.Ba5c3 Bd6f8
37.Nf3e5 Nc5b7
38.Bc3d4 Kd5
39.Ne5d7 Nb7d6
40.b6 axb6
41.g4 Nd6b5
42.Bd4a1 Bf8d6
43.Ba1xg7 Ke6
44.Nd7f6 Bd6c5
45.Kf3 Bc5d4
46.Nf6e8 Bd4xg7
47.Ne8xg7 Kf6
48.Ng7f5 h5
49.Kf4 hxg4
50.hxg4 { time. }
0-1

[Event "Match"]
[Site "www.echecsemail.com"]
[Date "2016.10.27"]
[Round "1"]
[White "Ditto"]
[Black "Paco"]
[WhiteElo "1780"]
[BlackElo "1900"]
[Result "1/2-1/2"]
[Round "1"]
1.d4 d5
2.Ng1f3 Nb8c6
3.Bc1f4 Bc8f5
4.e3 Nc6b4
5.Bf1b5 c6
6.Bb5a4 b5
7.Ba4b3 a5
{ draw }
1/2-1/2

[Event "1/8 Finale"]
[Site "www.chess-mail.com"]
[Date "2016.10.27"]
[Round "1"]
[White "Fjpv"]
[Black "Yangqi"]
[WhiteElo "2700"]
[BlackElo "2700"]
[Result "1/2-1/2"]
[Round "1"]
1.e4 e5
2.Ng1f3 Nb8c6
3.d4 exd4
4.Nf3xd4 Bf8c5
5.Bc1e3 Qd8f6
6.c3 Ng8e7
7.Bf1c4 O-O
8.O-O d6
9.f4 Rf8d8
10.Nd4c2 Bc8e6
11.Bc4xe6 Qf6xe6
12.Nb1d2 Bc5b6
13.Rf1f2 f5
14.Qd1f3 h6
15.a3 Rd8f8
16.Be3xb6 axb6
17.g3 fxe4
18.Qf3xe4 Qe6xe4
19.Nd2xe4 Ra8e8
20.Ra1e1 d5
21.Ne4d2 Ne7f5
22.Rf2e2 Re8xe2
23.Re1xe2 d4
24.cxd4 Rf8d8
25.Nd2f3 Nc6xd4
{ draw }
1/2-1/2

[Event "1/64 Finale"]
[Site "www.chess-mail.com"]
[Date "2016.10.27"]
[Round "1"]
[White "Hennie4820"]
[Black "Vasylpuzanov"]
[WhiteElo "2010"]
[BlackElo "1740"]
[Result "1-0"]
[Round "1"]
1.e4 e5
2.Ng1f3 Nb8c6
3.Bf1c4 Ng8f6
4.d4 exd4
5.O-O Bf8c5
6.e5 Nf6g4
7.Bc1f4 d5
8.exd6 Bc5xd6
9.Rf1e1 Bd6e7
10.h3 Ng4f6
11.Bf4e5 O-O
12.Be5xd4 Nc6xd4
13.Nf3xd4 Be7d6
14.Nb1c3 Bc8d7
15.Qd1d2 a6
16.Ra1d1 Rf8e8
17.Re1xe8 Qd8xe8
18.Rd1e1 Qe8f8
{ time. }
1-0

[Event "1/64 Finale"]
[Site "www.chess-mail.com"]
[Date "2016.10.27"]
[Round "1"]
[White "Vega"]
[Black "Vasylpuzanov"]
[WhiteElo "2580"]
[BlackElo "1740"]
[Result "1-0"]
[Round "1"]
1.e4 e5
2.Ng1f3 Nb8c6
3.Bf1c4 Bf8c5
4.d3 d6
5.Nf3g5 Ng8h6
6.c3 O-O
7.O-O Qd8e7
8.a4 Bc8e6
{ time. }
1-0

[Event "Tourn. n8994"]
[Site "www.chess-mail.com"]
[Date "2016.10.28"]
[Round "1"]
[White "Albertf"]
[Black "Falcoale"]
[WhiteElo "1700"]
[BlackElo "1610"]
[Result "1-0"]
[Round "1"]
1.d4 Ng8f6
2.c4 e6
3.Nb1c3 b6
4.Ng1f3 Bc8b7
5.e3 Bf8b4
6.Bc1d2 O-O
7.Bf1e2 c5
8.a3 Bb4xc3
9.Bd2xc3 Nf6e4
10.O-O Ne4xc3
11.bxc3 Qd8f6
12.Ra1b1 d5
13.dxc5 Bb7c6
14.cxd5 Bc6xd5
15.c4 Bd5e4
16.Rb1b2 Nb8c6
17.Nf3d4 Nc6e5
18.c6 Qf6g6
19.Be2f3 Ne5xc4
20.Rb2b3 f5
21.Bf3xe4 fxe4
22.Rb3c3 Nc4e5
23.c7 Ne5f3
24.Kh1 Nf3h4
25.g3 Nh4f3
26.Nd4c6 Qg6h5
27.h4 Qh5f7
28.Nc6xa7 Ra8xa7
29.c8Q { resign }
1-0

[Event "Tourn. n8989"]
[Site "www.chess-mail.com"]
[Date "2016.10.28"]
[Round "1"]
[White "Prize640"]
[Black "Falcoale"]
[WhiteElo "1799"]
[BlackElo "1610"]
[Result "1-0"]
[Round "1"]
1.Ng1f3 c5
2.e4 e6
3.d4 cxd4
4.Nf3xd4 Nb8c6
5.Nd4b5 d6
6.Bc1f4 e5
7.Bf4e3 a6
8.Nb5c3 Ng8f6
9.f3 Bf8e7
10.Nc3d5 Nf6xd5
11.exd5 Nc6b8
12.c4 O-O
13.Nb1c3 f5
14.Bf1e2 f4
15.Be3f2 Nb8d7
16.O-O Ra8b8
17.Be2d3 Nd7c5
18.Bf2xc5 dxc5
19.Qd1c2 Bc8d7
20.Bd3xh7 Kh8
21.Ra1e1 Be7d6
22.Nc3e4 Bd6e7
23.Bh7g6 Bd7e8
24.Bg6xe8 Rf8xe8
25.g3 b6
26.Qc2g2 fxg3
27.hxg3 Be7f6
28.Qg2h3 Kg8
29.Re1e2 Rb8b7
30.Qh3h5 g6
31.Qh5xg6 Bf6g7
32.Ne4f6 Qd8xf6
33.Qg6xe8 Qf6f8
34.Qe8xf8 Kxf8
35.f4 exf4
36.Rf1xf4 Kg8
37.b3 Rb7d7
38.Re2e6 { resign }
1-0

[Event "Tourn. n9010"]
[Site "www.chess-mail.com"]
[Date "2016.10.28"]
[Round "1"]
[White "Mao"]
[Black "Caspito"]
[WhiteElo "1730"]
[BlackElo "1780"]
[Result "1-0"]
[Round "1"]
1.e4 e5
2.Ng1f3 Nb8c6
3.Bf1c4 Bf8c5
4.Nb1c3 Ng8h6
5.d3 Qd8f6
6.Nc3d5 Qf6g6
7.O-O O-O
8.Nd5xc7 Ra8b8
9.Bc1e3 Bc5xe3
10.fxe3 d6
11.Nc7d5 Bc8h3
12.Qd1e2 a6
13.Qe2f2 Nh6g4
14.Qf2g3 Bh3xg2
15.Qg3xg2 b5
16.Bc4b3 a5
17.a4 b4
18.h3 Ng4f6
19.Qg2xg6 hxg6
20.Nd5xf6 gxf6
21.d4 Kg7
22.Kh2 Rf8h8
23.Rf1g1 Rh8h5
24.Rg1g3 g5
25.Bb3d5 Nc6e7
26.Bd5c4 Rb8h8
27.Ra1g1 Ne7g6
28.Bc4e2 Kf8
29.Nf3d2 Rh5h6
30.Nd2c4 Ke7
31.Nc4xa5 Kd7
32.Be2g4 Kc7
33.b3 Ng6e7
34.Na5c4 Kc6
35.Rg1d1 Rh6h4
36.dxe5 d5
37.exd5 Ne7xd5
38.Bg4f3 { resign }
1-0

[Event "Tourn. n8988"]
[Site "www.chess-mail.com"]
[Date "2016.10.28"]
[Round "1"]
[White "Manuelito"]
[Black "Ditto"]
[WhiteElo "1599"]
[BlackElo "1780"]
[Result "1-0"]
[Round "1"]
1.d4 d5
2.e3 Nb8c6
3.Ng1f3 Bc8g4
4.Bf1e2 Ng8f6
5.h3 Bg4d7
6.O-O e6
7.c4 dxc4
8.Be2xc4 Bf8e7
9.Nb1c3 O-O
10.a3 a6
11.b4 b5
12.Bc4b3 Be7d6
13.Bc1b2 Nc6e7
14.Bb3c2 Ne7d5
15.Nc3xd5 Nf6xd5
16.Qd1d3 f5
17.Ra1c1 Qd8f6
18.e4 Nd5f4
19.Qd3b3 Bd7c6
20.e5 Qf6g6
21.Nf3h4 Qg6g5
22.g3 Nf4xh3
23.Kh2 Qg5g4
24.Qb3xe6 Kh8
25.exd6 cxd6
26.Bc2xf5 Nh3g5
27.Bf5xg4 Ng5xe6
28.Bg4xe6 Ra8e8
29.d5 Bc6b7
30.Rc1c7 Re8b8
31.Nh4f5 h6
32.Bb2xg7 Kh7
33.Bg7xf8 { resign }
1-0

[Event "Tourn. n8938"]
[Site "www.chess-mail.com"]
[Date "2016.10.28"]
[Round "1"]
[White "Giampaolo"]
[Black "Tartan"]
[WhiteElo "2350"]
[BlackElo "2430"]
[Result "1/2-1/2"]
[Round "1"]
1.g3 d5
2.Bf1g2 c6
3.d3 Ng8f6
4.Ng1f3 Bc8g4
5.O-O e6
6.c4 Nb8d7
7.cxd5 exd5
8.Nb1c3 Bf8e7
9.Ra1b1 O-O
10.b4 Be7d6
11.a4 Qd8e7
12.b5 Ra8b8
13.bxc6 bxc6
14.Bc1e3 Nd7e5
15.Nf3xe5 Qe7xe5
16.Qd1c2 d4
17.Be3f4 Qe5c5
18.Bf4xd6 Qc5xd6
19.Nc3e4 Nf6xe4
20.Bg2xe4 c5
21.Rb1b5 Rb8xb5
22.axb5 Rf8b8
23.Rf1a1 Rb8xb5
24.Ra1xa7 Rb5b8
25.Kg2 g6
26.h4 Bg4e6
27.Ra7a5 Rb8c8
{ draw }
1/2-1/2

[Event "Tourn. n9009"]
[Site "www.chess-mail.com"]
[Date "2016.10.28"]
[Round "1"]
[White "Panham"]
[Black "Norlavuaram"]
[WhiteElo "2200"]
[BlackElo "2240"]
[Result "0-1"]
[Round "1"]
1.e4 e5
2.Ng1f3 Nb8c6
3.Bf1b5 a6
4.Bb5a4 Ng8f6
5.O-O Bf8e7
6.Rf1e1 b5
7.Ba4b3 O-O
8.c3 d6
9.d4 Bc8g4
10.h3 Bg4h5
11.Bc1e3 Bh5g6
12.Bb3c2 h6
13.Nb1d2 Nf6d7
14.Nd2f1 f5
15.exf5 Bg6xf5
16.Bc2b3 Kh8
17.Bb3d5 Nd7b8
18.dxe5 Qd8d7
19.exd6 Be7xd6
20.Nf3h4 Bf5h7
21.Qd1h5 a5
22.Ra1d1 Ra8a6
23.Be3g5 Nc6d8
24.Bg5e3 Nd8f7
25.Be3d4 c5
26.Bd5e6 Qd7c7
27.Be6xf7 Qc7xf7
28.Qh5xf7 Rf8xf7
29.Bd4e5 Bd6xe5
30.Rd1d8 Bh7g8
31.Re1xe5 Nb8c6
32.Rd8d6 Nc6xe5
33.Rd6xa6 Rf7d7
34.Nf1e3 Bg8xa2
35.Ra6xa5 Ba2f7
36.Ra5xb5 Ne5d3
37.Nh4f5 c4
38.Nf5d4 Rd7a7
39.Nd4c2 Ra7c7
40.Kf1 Kh7
41.Ne3g4 Rc7e7
42.Nc2d4 Re7e1

0-1

[Event "Tourn. n8970"]
[Site "www.chess-mail.com"]
[Date "2016.10.28"]
[Round "1"]
[White "Al3x"]
[Black "Julian"]
[WhiteElo "1930"]
[BlackElo "2010"]
[Result "1-0"]
[Round "1"]
1.e4 c5
2.Ng1f3 d6
3.d4 cxd4
4.Nf3xd4 Ng8f6
5.Nb1c3 a6
6.f3 Qd8c7
7.Bf1d3 e5
8.Nd4e2 Bc8e6
9.Bc1e3 Nb8d7
10.Qd1d2 Bf8e7
11.O-O-O b5
12.Nc3d5 Be6xd5
13.exd5 Nf6xd5
14.Bd3xb5 Nd5xe3
15.Bb5xd7 Qc7xd7
16.Qd2xe3 Qd7e6
17.Ne2c3 O-O
18.Nc3d5 Ra8c8
19.Rh1e1 h6
20.Qe3b6 Be7g5
21.Kb1 Rc8b8
22.Qb6xa6 Rb8a8
23.Qa6d3 f5
24.b3 Rf8c8
25.Nd5b6 Ra8xa2
26.Kxa2 Rc8b8
27.Qd3d5 Qe6xd5
28.Nb6xd5 Kf7
29.Kb2 Bg5d8
30.Rd1a1 Kg6
31.Ra1a7 Rb8c8
32.Nd5e7 Bd8xe7
33.Ra7xe7 Kf6
34.Re7b7 Rc8c6
35.Re1a1 g5
36.Ra1a7 e4
37.fxe4 fxe4
38.Rb7f7 Ke5
39.Ra7e7 Kd4
40.Rf7f6 h5
41.Rf6e6 e3
42.Re6xe3 Rc6a6
43.Re3e6 g4
44.Re7h7 { resign }
1-0

[Event "Tourn. n8999"]
[Site "www.chess-mail.com"]
[Date "2016.10.28"]
[Round "1"]
[White "Mao"]
[Black "Prize640"]
[WhiteElo "1750"]
[BlackElo "1799"]
[Result "0-1"]
[Round "1"]
1.e4 c5
2.Ng1f3 e6
3.d4 cxd4
4.Nf3xd4 Nb8c6
5.Nb1c3 Qd8c7
6.Bf1b5 Ng8f6
7.O-O a6
8.Bb5xc6 bxc6
9.Bc1g5 Bf8e7
10.Rf1e1 d6
11.Nd4f3 e5
12.Qd1d2 Bc8e6
13.Ra1d1 Ra8d8
14.h3 h6
15.Bg5xf6 Be7xf6
16.Qd2e2 Qc7b7
17.Rd1b1 O-O
18.Nf3d2 d5
19.exd5 cxd5
20.Nd2b3 Rd8c8
21.Rb1d1 Rf8d8
22.Qe2f3 e4
23.Qf3e3 Qb7b4
24.a3 Qb4c4
25.Nb3d4 Rc8b8
26.Nd4b3 d4
{ resign }
0-1

[Event "Tourn. n9026"]
[Site "www.chess-mail.com"]
[Date "2016.10.28"]
[Round "1"]
[White "Nulladies"]
[Black "Albertf"]
[WhiteElo "1820"]
[BlackElo "1860"]
[Result "1-0"]
[Round "1"]
1.d4 d5
2.Bc1f4 Ng8f6
3.Ng1f3 e6
4.e3 c6
5.Nb1d2 Nb8d7
6.Nf3e5 Bf8e7
7.Bf1d3 O-O
8.Nd2f3 c5
9.c3 cxd4
10.exd4 Nd7b6
11.Qd1c2 g6
12.Bf4h6 Rf8e8
13.Nf3g5 { resign }
1-0

[Event "Match"]
[Site "www.echecsemail.com"]
[Date "2016.10.28"]
[Round "1"]
[White "Gambitmiau"]
[Black "Raulazo"]
[WhiteElo "1840"]
[BlackElo "1940"]
[Result "0-1"]
[Round "1"]
1.e4 e5
2.d4 exd4
3.c3 dxc3
4.Bf1c4 Bf8c5
5.Qd1f3 Qd8f6
6.Qf3e2 Bc5b4
7.a3 cxb2
8.Bc1d2 bxa1Q
9.Qe2d1 Qa1d4
{ resign }
0-1

[Event "Match"]
[Site "www.echecsemail.com"]
[Date "2016.10.28"]
[Round "1"]
[White "Osvalazo"]
[Black "Calponas"]
[WhiteElo "1840"]
[BlackElo "1990"]
[Result "0-1"]
[Round "1"]
1.c4 e5
2.e4 Nb8c6
3.Ng1f3 Bf8c5
4.d3 d6
5.Bc1g5 f6
6.Bg5h4 Bc8g4
7.Bf1e2 { time. }
0-1

[Event "Match"]
[Site "www.echecsemail.com"]
[Date "2016.10.28"]
[Round "1"]
[White "Osvalazo"]
[Black "Silent1"]
[WhiteElo "1840"]
[BlackElo "1900"]
[Result "0-1"]
[Round "1"]
1.c4 c5
2.e4 e5
3.Ng1f3 d6
4.Nb1c3 Bf8e7
5.Nc3d5 Nb8c6
6.g3 Ng8f6
7.d3 O-O
8.Bf1g2 { time. }
0-1

[Event "Match"]
[Site "www.echecsemail.com"]
[Date "2016.10.28"]
[Round "1"]
[White "Coraza"]
[Black "Caspito"]
[WhiteElo "1840"]
[BlackElo "1770"]
[Result "0-1"]
[Round "1"]
1.e4 e5
2.Bf1c4 Bf8c5
3.Qd1f3 Qd8f6
4.Qf3xf6 Ng8xf6
5.f3 O-O
6.Ng1e2 c6
7.Nb1c3 b5
8.Bc4b3 a5
9.a4 b4
10.Nc3d1 d5
11.exd5 cxd5
12.d3 Bc8b7
13.Bc1g5 Nb8d7
14.Bg5xf6 Nd7xf6
15.Ne2g3 Rf8e8
16.c3 Ra8a6
17.c4 e4
18.Ng3f1 exf3
19.Kd2 Re8e2
20.Kc1 fxg2
21.Nf1g3 gxh1Q
22.Ng3xh1 Re2xh2
23.Nh1g3 Nf6g4
24.cxd5 Rh2g2
25.Ng3e4 Ra6h6
26.Ne4xc5 Bb7c8
27.d6 Rh6xd6
28.Bb3c2 h5
29.Nc5e4 Rd6c6
30.Ne4d2 b3
31.Nd2xb3 Rc6xc2
32.Kb1 Bc8a6
33.Nb3c1 h4
34.Ra1a3 h3
35.d4 h2
36.Ra3h3 Rc2d2
37.Nd1e3 Ng4xe3
{ resign }
0-1

[Event "Match"]
[Site "www.echecsemail.com"]
[Date "2016.10.28"]
[Round "1"]
[White "Gimmyg"]
[Black "Joseph1983"]
[WhiteElo "2490"]
[BlackElo "2130"]
[Result "1-0"]
[Round "1"]
1.Ng1f3 d5
2.b3 e6
3.e3 Ng8f6
4.Bc1b2 Bf8e7
5.Bf1d3 O-O
6.O-O c5
7.c4 dxc4
8.Bd3xc4 Nb8c6
9.Nb1c3 b6
10.d4 cxd4
11.exd4 Qd8c7
12.Qd1e2 Nc6a5
13.Bc4d3 Bc8b7
14.Nf3e5 Ra8c8
15.Ra1c1 Qc7b8
16.Nc3e4 Rf8d8
17.Rc1xc8 Qb8xc8
18.Ne4xf6 Be7xf6
19.Bd3xh7 Kxh7
20.Qe2h5 Kg8
21.Qh5xf7 Kh8
22.Rf1c1 Qc8xc1
23.Bb2xc1 Rd8xd4
24.Qf7e8 Kh7
25.Qe8h5 Kg8
26.Ne5d7 Bf6d8
27.Qh5e8 Kh7
28.Nd7f8 { resign }
1-0

[Event "1/128 Finale"]
[Site "www.chess-mail.com"]
[Date "2016.10.28"]
[Round "1"]
[White "George1955"]
[Black "Norlavuaram"]
[WhiteElo "2770"]
[BlackElo "2140"]
[Result "1-0"]
[Round "1"]
1.e4 e5
2.Ng1f3 Nb8c6
3.Bf1b5 a6
4.Bb5a4 Ng8f6
5.O-O Bf8e7
6.Rf1e1 b5
7.Ba4b3 O-O
8.c3 d6
9.h3 Nc6b8
10.d4 Nb8d7
11.Nb1d2 c5
12.Nd2f1 Qd8c7
13.Nf1g3 g6
14.Bc1h6 Rf8e8
15.Qd1d2 Be7f8
16.Bh6xf8 Nd7xf8
17.Bb3d5 Ra8b8
18.Qd2g5 Kg7
19.Nf3h4 Nf6xd5
20.exd5 f6
21.Ng3h5 Kf7
22.Qg5xf6 Kg8
23.Qf6g5 Re8e7
24.Nh5f6 Kh8
25.dxe5 Re7xe5
26.Re1xe5 dxe5
27.Nf6e8 Qc7f7
28.Qg5xe5 Kg8
29.Ne8f6 Kh8
30.Nf6e4 { resign }
1-0

[Event "1/64 Finale"]
[Site "www.chess-mail.com"]
[Date "2016.10.28"]
[Round "1"]
[White "Guidom"]
[Black "Drawlward"]
[WhiteElo "2150"]
[BlackElo "2490"]
[Result "0-1"]
[Round "1"]
1.e4 c5
2.Ng1f3 Nb8c6
3.c4 e6
4.d3 Ng8f6
5.Bc1g5 Bf8e7
6.Nb1c3 h6
7.Bg5h4 O-O
8.Bf1e2 d5
9.exd5 exd5
10.O-O d4
11.Bh4xf6 Be7xf6
12.Nc3d5 Bc8e6
13.Nd5xf6 Qd8xf6
14.a3 a5
15.Nf3d2 Be6f5
16.Rf1e1 Rf8e8
17.Be2f1 Re8xe1
18.Qd1xe1 Kf8
19.Nd2e4 Bf5xe4
20.Qe1xe4 Ra8e8
21.Qe4d5 b6
22.g3 Nc6e5
23.f4 Ne5g4
24.Bf1g2 Ng4e3
25.Qd5c6 Ne3xg2
26.Qc6xg2 Qf6e6
27.Ra1d1 Qe6e2
28.Qg2f1 Re8e3
29.Qf1xe2 Re3xe2
30.Rd1b1 Re2d2
31.b4 Rd2xd3
32.bxa5 bxa5
33.Rb1b5 Rd3xa3
34.Rb5xc5 a4
35.Rc5d5 Ra3d3
36.Rd5a5 a3
37.c5 Rd3d1
38.Kf2 Rd1a1
39.Ke2 a2
40.c6 Ke7
41.Ra5a7 Kd6
42.c7 Kd7
43.Ra7a4 Ra1h1
44.Ra4c4 Kc8
{ resign }
0-1

[Event "Tourn. n8925"]
[Site "www.chess-mail.com"]
[Date "2016.10.29"]
[Round "1"]
[White "Gilliere"]
[Black "Hundegana"]
[WhiteElo "2050"]
[BlackElo "1980"]
[Result "1/2-1/2"]
[Round "1"]
1.e4 c5
2.Ng1f3 f6
3.Bf1c4 e6
4.Nb1c3 a6
5.O-O Nb8c6
6.d4 cxd4
7.Nf3xd4 Nc6xd4
8.Qd1xd4 Bf8e7
9.Bc4e2 Qd8c7
10.Be2g4 Be7c5
11.Qd4d3 Ng8e7
12.a3 O-O
13.b4 Bc5a7
14.Bc1e3 Ba7xe3
15.Qd3xe3 Ne7g6
16.Rf1c1 Ng6e5
17.Bg4e2 Rf8d8
18.f3 d6
19.Nc3d1 Ne5c4
20.Be2xc4 Qc7xc4
21.c3 Bc8d7
22.Nd1b2 Qc4c6
23.c4 e5
24.b5 axb5
25.cxb5 Qc6xb5
26.Qe3d2 Bd7e6
27.a4 Qb5d7
28.h3 Rd8c8
29.Rc1xc8 Qd7xc8
30.Ra1c1 Qc8d8
31.Rc1d1 Qd8b6
32.Kh1 Kf7
33.Rd1c1 Ra8c8
34.Rc1xc8 Be6xc8
35.Nb2c4 Qb6b1
36.Kh2 Bc8e6
37.Nc4xd6 Kg6
38.a5 f5
39.exf5 Be6xf5
40.Nd6xf5 Kxf5
41.g4 Ke6
42.Kg2 e4
43.fxe4 Qb1xe4
44.Kf2 Ke5
45.Qd2g5 Kd4
46.Qg5xg7 Kd3
47.Qg7d7 Kc4
48.Qd7c7 Kb5
49.Qc7b6 Ka4
50.Qb6c7 Qe4d4
51.Ke2 Qd4e4
52.Kf1 Qe4f3
53.Kg1 Qf3d1
54.Kg2 Qd1e2
55.Kg3 Qe2e1
56.Kg2 Qe1e2
{ draw }
1/2-1/2

[Event "Tourn. n9025"]
[Site "www.chess-mail.com"]
[Date "2016.10.29"]
[Round "1"]
[White "Manuelito"]
[Black "Ranjachess"]
[WhiteElo "1680"]
[BlackElo "1760"]
[Result "0-1"]
[Round "1"]
1.d4 d5
2.Nb1c3 h6
3.e3 a6
4.Ng1f3 Bc8g4
5.Bf1e2 Bg4xf3
6.Be2xf3 Nb8c6
7.O-O e6
8.a3 Ng8f6
9.Rf1e1 e5
10.Nc3e2 e4
11.Bf3xe4 dxe4
12.Ne2g3 Qd8d5
13.b4 O-O-O
14.Bc1b2 Bf8d6
15.Ra1c1 Bd6xg3
16.fxg3 h5
17.c4 Qd5g5
18.d5 Nf6g4
19.Qd1e2 Nc6e5
20.Bb2xe5 Ng4xe5
21.Re1f1 h4
22.gxh4 Rh8xh4
23.Qe2f2 Ne5f3
24.Kh1 Rh4xh2

0-1

[Event "Tourn. n9004"]
[Site "www.chess-mail.com"]
[Date "2016.10.29"]
[Round "1"]
[White "Picifarkinca"]
[Black "Luban"]
[WhiteElo "1930"]
[BlackElo "1960"]
[Result "0-1"]
[Round "1"]
1.Ng1f3 d5
2.g3 c5
3.Bf1g2 e6
4.O-O Ng8f6
5.b3 Nb8c6
6.Bc1b2 Bf8e7
7.d3 O-O
8.Nb1d2 a6
9.c4 d4
10.Rf1e1 e5
11.Nd2f1 b5
12.Nf3xe5 Nc6xe5
13.Bg2xa8 Bc8g4
14.Ba8g2 Rf8e8
15.h3 Bg4c8
16.Nf1d2 Qd8c7
17.cxb5 axb5
18.Ra1c1 Qc7a7
19.Rc1a1 Bc8b7
20.a4 Qa7b6
21.a5 Qb6a6
22.Bb2a3 Bb7xg2
23.Kxg2 Re8a8
24.Qd1c2 b4
25.Ba3b2 Nf6d5
26.f4 Ne5c6
27.Kh2 Nd5e3
28.Qc2c1 Nc6xa5
29.Nd2e4 Qa6c6
30.Re1g1 Na5xb3
31.Ra1xa8 Qc6xa8
32.Qc1b1 f5
33.Ne4f2 Nb3d2
34.Qb1a1 Nd2f1
35.Rg1xf1 Qa8g2
{ resign }
0-1

[Event "Tourn. n8999"]
[Site "www.chess-mail.com"]
[Date "2016.10.29"]
[Round "1"]
[White "Vasylpuzanov"]
[Black "Mao"]
[WhiteElo "1680"]
[BlackElo "1720"]
[Result "0-1"]
[Round "1"]
1.e4 e5
2.f4 d6
3.Ng1f3 Nb8c6
4.Bf1c4 Bf8e7
5.O-O Ng8f6
6.d3 Bc8e6
7.Bc4b3 O-O
8.Nb1c3 Be6xb3
9.axb3 a6
10.fxe5 { time. }
0-1

[Event "Tourn. n9015"]
[Site "www.chess-mail.com"]
[Date "2016.10.29"]
[Round "1"]
[White "Norlavuaram"]
[Black "Maciekkam"]
[WhiteElo "2240"]
[BlackElo "2079"]
[Result "0-1"]
[Round "1"]
1.e4 c5
2.Ng1f3 e6
3.d4 cxd4
4.Nf3xd4 a6
5.Bf1d3 g6
6.Bc1e3 Bf8g7
7.Nb1d2 Ng8e7
8.c4 Nb8c6
9.Nd2f3 O-O
10.a3 d5
11.exd5 exd5
12.c5 Bc8g4
13.Bd3e2 Ne7f5
14.Be3g5 Qd8a5
15.b4 Qa5c7
16.O-O Nc6xd4
17.Nf3xd4 Bg4xe2
18.Nd4xe2 Bg7xa1
19.Qd1xa1 Rf8e8
20.Ne2f4 Qc7e5
21.Qa1c1 Nf5d4
22.Bg5h6 g5
23.Nf4d3 Nd4e2
24.Kh1 Ne2xc1
25.Nd3xe5 Re8xe5
26.Rf1xc1 Ra8e8
27.h3 Re5e1
28.Rc1xe1 Re8xe1
29.Kh2 d4
30.Bh6xg5 Re1e5
31.Bg5f4 d3
{ resign }
0-1

[Event "Tourn. n8971"]
[Site "www.chess-mail.com"]
[Date "2016.10.29"]
[Round "1"]
[White "Sachpat"]
[Black "Glenno"]
[WhiteElo "2450"]
[BlackElo "2400"]
[Result "1-0"]
[Round "1"]
1.e4 e5
2.Ng1f3 Nb8c6
3.Bf1b5 a6
4.Bb5a4 Ng8f6
5.O-O Bf8e7
6.Rf1e1 b5
7.Ba4b3 O-O
8.c3 d6
9.h3 Nc6a5
10.Bb3c2 c5
11.d4 Qd8c7
12.Nb1d2 cxd4
13.cxd4 Na5c6
14.Nd2b3 a5
15.Bc1e3 a4
16.Nb3d2 Bc8d7
17.Ra1c1 Qc7b7
18.Qd1e2 Rf8e8
19.Bc2d3  { time }
1-0

[Event "Tourn. n8994"]
[Site "www.chess-mail.com"]
[Date "2016.10.29"]
[Round "1"]
[White "Albertf"]
[Black "Hansen"]
[WhiteElo "1700"]
[BlackElo "1600"]
[Result "1-0"]
[Round "1"]
1.e4 d5
2.exd5 Qd8xd5
3.Nb1c3 Qd5e5
4.Qd1e2 Qe5d4
5.Ng1f3 Qd4c5
6.d4 Qc5b4
7.a3 Qb4b6
8.Qe2b5 c6
9.Qb5xb6 axb6
10.Bc1f4 Nb8d7
11.Bf1c4 e6
12.O-O h6
13.Rf1e1 Nd7f6
14.Re1e2 b5
15.Bc4b3 b4
16.Nc3a4 b5
17.Na4b6 Ra8b8
18.Bf4xb8 Bc8b7
19.axb4 Bf8xb4
20.c3 Bb4e7
21.Ra1a7 Nf6g4
22.Ra7xb7 Ng8f6
23.h3 Be7d8
24.hxg4 Nf6xg4
25.Bb3xe6 fxe6
26.Re2xe6 Kf8
27.Bb8d6 Bd8e7
28.Re6xe7 Ng4f6
29.Rb7b8 { resign }
1-0

[Event "Tourn. n9042"]
[Site "www.chess-mail.com"]
[Date "2016.10.29"]
[Round "1"]
[White "Norlavuaram"]
[Black "Guidom"]
[WhiteElo "2210"]
[BlackElo "2150"]
[Result "1/2-1/2"]
[Round "1"]
1.e4 e5
2.Ng1f3 Nb8c6
3.Bf1b5 d6
4.c3 Bc8d7
5.O-O Ng8f6
6.Rf1e1 Bf8e7
7.d4 exd4
8.cxd4 O-O
9.Nb1c3 Nf6e8
10.Bc1f4 f5
11.e5 dxe5
12.Bf4xe5 Nc6xe5
13.Nf3xe5 { draw }
1/2-1/2

[Event "Tourn. n9026"]
[Site "www.chess-mail.com"]
[Date "2016.10.29"]
[Round "1"]
[White "Mao"]
[Black "Albertf"]
[WhiteElo "1810"]
[BlackElo "1860"]
[Result "1-0"]
[Round "1"]
1.e4 e5
2.Ng1f3 Nb8c6
3.Bf1c4 Nc6d4
4.Nf3xd4 exd4
5.c3 Bf8c5
6.Qd1h5 Qd8e7
7.Bc4xf7 Kf8
8.Bf7xg8 Kxg8
9.O-O d6
10.d3 dxc3
11.Nb1xc3 Qe7f7
12.Qh5xf7 Kxf7
13.Bc1e3 Bc5b6
14.Be3xb6 axb6
15.Nc3d5 c6
16.Nd5xb6 Ra8a6
17.Nb6xc8 Rh8xc8
18.f4 Rc8a8
19.a3 Ra6b6
20.Rf1f2 Rb6b3
21.Ra1d1 Ra8a6
22.f5 Ra6b6
23.Rd1d2 { resign }
1-0

[Event "Tourn. n8945"]
[Site "www.chess-mail.com"]
[Date "2016.10.29"]
[Round "1"]
[White "Jesmantiz"]
[Black "Giampaolo"]
[WhiteElo "2200"]
[BlackElo "2350"]
[Result "0-1"]
[Round "1"]
1.d4 Ng8f6
2.e3 g6
3.Bf1d3 Bf8g7
4.f4 d5
5.Nb1d2 O-O
6.Ng1f3 b6
7.Nf3e5 c5
8.c3 cxd4
9.exd4 Qd8c7
10.Qd1e2 Nb8d7
11.O-O Bc8b7
12.Rf1f3 Rf8e8
13.Rf3h3 Nd7f8
14.g4 Nf8e6
15.Nd2f3 Nf6e4
16.f5 Ne6f8
17.Bc1f4 Qc7c8
18.Nf3g5 f6
19.Ng5xe4 fxe5
20.Bf4xe5 dxe4
21.Bd3c4 Kh8
22.Bc4f7 Bg7xe5
23.Bf7xe8 Be5xd4
24.cxd4 Qc8xe8
25.Ra1d1 gxf5
26.gxf5 Nf8d7
27.d5 Nd7f6
28.d6 exd6
29.Rd1xd6 Qe8e5
30.Qe2d2 Ra8g8
31.Kf1 Qe5xf5
32.Qd2f2 Qf5xh3
33.Ke1 Nf6d7
34.Qf2d4 Rg8g7
35.b4 Bb7a6
36.Qd4f2 Qh3c3
{ resign }
0-1

[Event "Tourn. n9020"]
[Site "www.chess-mail.com"]
[Date "2016.10.29"]
[Round "1"]
[White "Mitja"]
[Black "Norlavuaram"]
[WhiteElo "2000"]
[BlackElo "2220"]
[Result "0-1"]
[Round "1"]
1.d4 Ng8f6
2.e3 g6
3.c3 Bf8g7
4.Ng1f3 O-O
5.Bf1c4 d5
6.Bc4b3 c6
7.h3 Nb8d7
8.O-O Qd8c7
9.Bb3c2 e5
10.dxe5 Nd7xe5
11.Nf3xe5 Qc7xe5
12.Qd1f3 Nf6e4
13.Nb1d2 f5
14.Qf3f4 g5
15.Qf4xe5 Bg7xe5
16.Nd2xe4 fxe4
17.Bc1d2 Rf8f6
18.Ra1e1 h5
19.f3 exf3
20.Bc2d1 fxg2
21.Kxg2 Bc8e6
22.Rf1xf6 Be5xf6
23.Bd1xh5 Ra8f8
24.Bh5g4 Be6xg4
25.hxg4 Rf8e8
26.Kf3 Re8e4
27.a3 Kg7
28.Re1e2 b5
29.b4 Re4c4
30.e4 Bf6xc3
31.exd5 cxd5
32.Bd2xg5 Bc3f6
33.Bg5f4 Rc4c3
34.Kf2 Rc3xa3
35.g5 Bf6d8
36.Re2d2 Bd8b6
37.Ke2 Ra3b3
38.Rd2xd5 Rb3xb4
39.Rd5d7 Kg6
40.Kf3 Rb4d4
41.Rd7e7 b4
42.Re7e6 Kf7
43.Re6f6 Ke7
44.Bf4e5 Rd4d2
45.g6 Rd2f2
{ resign }
0-1

[Event "Match"]
[Site "www.echecsemail.com"]
[Date "2016.10.29"]
[Round "1"]
[White "Nulladies"]
[Black "Jwc"]
[WhiteElo "1820"]
[BlackElo "1499"]
[Result "1-0"]
[Round "1"]
1.d4 Nb8c6
2.Ng1f3 d5
3.Bc1f4 Ng8f6
4.e3 Nf6h5
5.Bf4g3 Nh5xg3
6.hxg3 Bc8g4
7.Rh1h4 Qd8d7
8.Bf1e2 O-O-O
9.Nf3e5 Nc6xe5
10.dxe5 Bg4e6
11.Qd1d4 Kb8
12.Nb1c3 Be6f5
13.O-O-O e6
14.e4 Bf5xe4
15.Nc3xe4 f5
16.exf6 b6
17.Ne4c3 Bf8c5
18.Qd4f4 Rh8f8
19.Rh4xh7 Rd8e8
20.Rh7xg7 Qd7c6
21.Be2b5 e5
22.Bb5xc6 Re8e6
23.Nc3xd5 Re6xf6
24.Qf4xf6 Rf8xf6
25.Nd5xf6 { resign }
1-0